Top 10 najpopularniejszych imion żeńskich na literę J - Statystyki

Ogólne statystyki
  • Ten quiz został rozwiązany 98 razy
  • Średni wynik to 7 z 10
Statystyki odpowiedzi
Miejsce Ile nadanych Imię % Poprawnych
5 217,197 Janina
86%
1 404,003 Joanna
86%
2 307,602 Julia
79%
4 231,844 Jadwiga
78%
3 236,965 Jolanta
75%
8 42,947 Jagoda
64%
6 216,718 Justyna
64%
10 9,817 Judyta
45%
9 21,846 Julita
40%
7 43,734 Józefa
36%
Nie znaleziono quizów pasujących do podanych kryteriów
Rozkład punktacji
Procent ludzi z każdym wynikiem
Percentyl według liczby udzielonych odpowiedzi
Twoja historia wyników
Nie rozwiązałeś tego quizu